Lexique des figures de style (notice n° 2140393)
[ vue normale ]
| 000 -LEADER | |
|---|---|
| fixed length control field | 00803cam a2200133 4500500 |
| 005 - DATE AND TIME OF LATEST TRANSACTION | |
| control field | 20260405024650.0 |
| 041 ## - LANGUAGE CODE | |
| Language code of text/sound track or separate title | fre |
| 042 ## - AUTHENTICATION CODE | |
| Authentication code | dc |
| 100 10 - MAIN ENTRY--PERSONAL NAME | |
| Personal name | Ricalens-Pourchot, Nicole |
| Relator term | author |
| 245 00 - TITLE STATEMENT | |
| Title | Lexique des figures de style |
| 260 ## - PUBLICATION, DISTRIBUTION, ETC. | |
| Name of publisher, distributor, etc. | Armand Colin,<br/> |
| Date of publication, distribution, etc. | 2025.<br/> |
| 520 ## - SUMMARY, ETC. | |
| Summary, etc. | Cet ouvrage permet à tous ceux qui étudient la langue française de se familiariser aisément avec les figures de style grâce à : - une présentation claire et un langage accessible ; - un slogan ou un condensé de la définition ; - de nombreux exemples et des remarques faisant état des nuances existant entre les différentes figures dont l'étymologie est donnée systématiquement. |
| 856 41 - ELECTRONIC LOCATION AND ACCESS | |
| Uniform Resource Identifier | <a href="https://shs.cairn.info/lexique-des-figures-de-style--9782200641153?lang=fr&redirect-ssocas=7080">https://shs.cairn.info/lexique-des-figures-de-style--9782200641153?lang=fr&redirect-ssocas=7080</a> |
Pas d'exemplaire disponible.




Réseaux sociaux